[Event "SVK-chT2B 2223"]
[Site "Slovakia"]
[Date "2022.11.27"]
[Round "6.3"]
[White "Vyhlidal, Jozef"]
[Black "Veres, Andrej"]
[Result "1/2-1/2"]
[WhiteElo "2022"]
[BlackElo "2155"]
[PlyCount "28"]
[EventDate "2022.10.08"]
[EventType "team-tourn"]
[EventRounds "11"]
[EventCountry "SVK"]
[SourceTitle "EXT 2024"]
[Source "ChessBase"]
[SourceDate "2023.10.10"]
[SourceVersion "1"]
[SourceVersionDate "2023.10.10"]
[SourceQuality "1"]
[WhiteTeam "Nemsova Horne Srnie"]
[BlackTeam "Belusa"]
[WhiteTeamCountry "SVK"]
[BlackTeamCountry "SVK"]

1. Nf3 Nf6 2. c4 e6 3. Nc3 d5 4. e3 Be7 5. d4 0-0 6. Bd3 c5 7. dxc5 dxc4 8. Bxc4 Qxd1+ 9. Kxd1 Bxc5 10. a3 Nc6 11. b4 Be7 12. Bb2 b6 13. Ke2 Bb7 14. Rac1 Rfc8 1/2-1/2

[Event "SVK-chT2B 2223"]
[Site "Slovakia"]
[Date "2022.10.08"]
[Round "1.1"]
[White "Chlpik, Martin"]
[Black "Vyhlidal, Jozef"]
[Result "1-0"]
[WhiteElo "2209"]
[BlackElo "2040"]
[PlyCount "41"]
[EventDate "2022.10.08"]
[EventType "team-tourn"]
[EventRounds "11"]
[EventCountry "SVK"]
[SourceTitle "CBM 210 Extra"]
[Source "ChessBase"]
[SourceDate "2022.11.30"]
[SourceVersion "1"]
[SourceVersionDate "2022.11.30"]
[SourceQuality "1"]
[WhiteTeam "Levice II"]
[BlackTeam "Nemsova Horne Srnie"]
[WhiteTeamCountry "SVK"]
[BlackTeamCountry "SVK"]

1. d4 d5 2. Nc3 Nf6 3. Bf4 e6 4. e3 Bd6 5. Qf3 a6 6. g4 b5 7. g5 Bxf4 8. Qxf4 Ng8 9. 0-0-0 Qd6 10. Qf3 Ne7 11. h4 h6 12. Nh3 Bd7 13. Nf4 b4 14. Nb1 Bb5 15. Nh5 Bxf1 16. Nxg7+ Kf8 17. Rdxf1 Kxg7 18. Qf6+ Kg8 19. gxh6 Rh7 20. Rfg1+ Ng6 21. Rxg6+ 1-0

[Event "SVK-chT3B2 2122"]
[Site "Slovakia"]
[Date "2022.05.22"]
[Round "11.3"]
[White "Vyhlidal, Jozef"]
[Black "Zernovic, Michal"]
[Result "1/2-1/2"]
[WhiteElo "2045"]
[BlackElo "1860"]
[PlyCount "69"]
[EventDate "2021.10.24"]
[EventType "team-tourn"]
[EventRounds "11"]
[EventCountry "SVK"]
[SourceTitle "EXT 2024"]
[Source "ChessBase"]
[SourceDate "2023.10.10"]
[SourceVersion "1"]
[SourceVersionDate "2023.10.10"]
[SourceQuality "1"]
[WhiteTeam "Nemsova Horne Srnie"]
[BlackTeam "Povazske Podhradie II"]
[WhiteTeamCountry "SVK"]
[BlackTeamCountry "SVK"]

1. Nf3 d5 2. c4 Nf6 3. cxd5 Qxd5 4. Nc3 Qa5 5. g3 c6 6. Bg2 Bg4 7. h3 Bh5 8. b4 Qc7 9. Qb3 e6 10. d4 Nbd7 11. Bf4 Qb6 12. b5 Nd5 13. Nxd5 cxd5 14. g4 Bg6 15. Rc1 Bd6 16. Bxd6 Qxd6 17. Rc3 Be4 18. Nh4 Bxg2 19. Nxg2 Nb6 20. 0-0 Kd7 21. Rfc1 Rac8 22. Rxc8 Rxc8 23. Rxc8 Nxc8 24. Qc2 g6 25. Ne1 Qb6 26. Nd3 Nd6 27. Nc5+ Ke7 28. a4 Qc7 29. Qd2 b6 30. Na6 Qc4 31. Qb4 Qxe2 32. Nb8 f6 33. Nc6+ Kd7 34. Nb8+ Kc7 35. Na6+ 1/2-1/2

[Event "SVK-chT3B2 2122"]
[Site "Slovakia"]
[Date "2022.04.24"]
[Round "9.3"]
[White "Alexy, Peter"]
[Black "Vyhlidal, Jozef"]
[Result "0-1"]
[WhiteElo "1898"]
[BlackElo "2045"]
[PlyCount "106"]
[EventDate "2021.10.24"]
[EventType "team-tourn"]
[EventRounds "11"]
[EventCountry "SVK"]
[SourceTitle "EXT 2024"]
[Source "ChessBase"]
[SourceDate "2023.10.10"]
[SourceVersion "1"]
[SourceVersionDate "2023.10.10"]
[SourceQuality "1"]
[WhiteTeam "Chynorany"]
[BlackTeam "Nemsova Horne Srnie"]
[WhiteTeamCountry "SVK"]
[BlackTeamCountry "SVK"]

1. e4 e5 2. Nf3 Nc6 3. Bb5 Bc5 4. Nxe5 Bxf2+ 5. Kxf2 Nxe5 6. Rf1 Qh4+ 7. Kg1 Nf6 8. d4 Nc6 9. Bf4 0-0 10. d5 Ne7 11. g3 Qh3 12. Bxc7 Nxe4 13. Re1 Qf5 14. Bd3 Qf2+ 15. Kh1 Nxd5 16. Rxe4 Nxc7 17. Rh4 g6 18. Nc3 d5 19. Qc1 Qf6 20. Qh6 Qg7 21. Qg5 Bd7 22. Kg1 Bc6 23. Rb1 Rfe8 24. Rf1 f5 25. Ne2 Ne6 26. Qc1 Nc5 27. Nd4 Ne4 28. c3 Re5 29. Nf3 Re7 30. Bxe4 dxe4 31. Ng5 h5 32. Qd1 Qh6 33. Qb3+ Kg7 34. Ne6+ Kh8 35. Qc4 Qe3+ 36. Kg2 Qd2+ 37. Kg1 e3 38. Nf4 e2 39. Nxg6+ Kg7 40. Nxe7 exf1Q+ 41. Kxf1 Qg2+ 42. Ke1 Re8 43. Qe6 Qd5 44. Qg6+ Kf8 45. Qf6+ Qf7 46. Qxf7+ Kxf7 47. Rxh5 Rxe7+ 48. Kd2 Kg6 49. Rh8 Bf3 50. Kc2 Re2+ 51. Kb3 Kg7 52. Rh4 Re4 53. Rh3 Bd1+ 0-1

[Event "SVK-chT3B2 2122"]
[Site "Slovakia"]
[Date "2022.03.13"]
[Round "6.3"]
[White "Vyhlidal, Jozef"]
[Black "Krajci, Marian"]
[Result "1-0"]
[WhiteElo "2045"]
[BlackElo "1000"]
[PlyCount "47"]
[EventDate "2021.10.24"]
[EventType "team-tourn"]
[EventRounds "11"]
[EventCountry "SVK"]
[SourceTitle "EXT 2024"]
[Source "ChessBase"]
[SourceDate "2023.10.10"]
[SourceVersion "1"]
[SourceVersionDate "2023.10.10"]
[SourceQuality "1"]
[WhiteTeam "Nemsova Horne Srnie"]
[BlackTeam "Puchov Vcielka"]
[WhiteTeamCountry "SVK"]
[BlackTeamCountry "SVK"]

1. Nf3 d5 2. d4 Nc6 3. Bf4 Bg4 4. Nbd2 h6 5. Ne5 Nxe5 6. Bxe5 e6 7. c4 Ne7 8. h3 Bh5 9. g4 Bg6 10. Bg2 Qd7 11. Qb3 Rb8 12. Rc1 Nc6 13. cxd5 Nxe5 14. dxe5 Rd8 15. Qxb7 exd5 16. Rxc7 Qe6 17. Qc6+ Rd7 18. Rc8+ Ke7 19. Qc5+ Rd6 20. exd6+ Kf6 21. Qc3+ Kg5 22. Nf3+ Kf4 23. Qd2+ Ke4 24. Qe3# 1-0

[Event "SVK-chT3B2 2122"]
[Site "Slovakia"]
[Date "2022.02.27"]
[Round "5.3"]
[White "Masarik, Drahoslav"]
[Black "Vyhlidal, Jozef"]
[Result "0-1"]
[WhiteElo "1869"]
[BlackElo "2045"]
[PlyCount "84"]
[EventDate "2021.10.24"]
[EventType "team-tourn"]
[EventRounds "11"]
[EventCountry "SVK"]
[SourceTitle "EXT 2023"]
[Source "ChessBase"]
[SourceDate "2022.10.05"]
[SourceVersion "1"]
[SourceVersionDate "2022.10.05"]
[SourceQuality "1"]
[WhiteTeam "Trencin"]
[BlackTeam "Nemsova Horne Srnie"]
[WhiteTeamCountry "SVK"]
[BlackTeamCountry "SVK"]

1. Nf3 d5 2. d4 Nf6 3. c4 c6 4. Nc3 Bf5 5. Bf4 dxc4 6. a4 a5 7. e3 e6 8. Bxc4 Na6 9. 0-0 h6 10. Ne5 Nb4 11. Qe2 Bh7 12. Rad1 Bd6 13. e4 Qc7 14. Bg3 Rd8 15. Nxf7 Bxg3 16. Bxe6 Bxh2+ 17. Kh1 Ke7 18. Nxd8 Rxd8 19. Bb3 Qf4 20. g3 Bxg3 21. fxg3 Qxg3 22. Qh2 Qxh2+ 23. Kxh2 Rf8 24. e5 Nfd5 25. Rxf8 Kxf8 26. Nxd5 cxd5 27. Rc1 Bf5 28. Rc7 g5 29. Rxb7 h5 30. Rb5 Be4 31. Rxa5 h4 32. Rb5 g4 33. Bd1 g3+ 34. Kh3 Nd3 35. Bf3 Bxf3 36. a5 Nf4+ 37. Kxh4 g2 38. Rb8+ Kf7 39. Rb7+ Kg8 40. Rb8+ Kh7 41. Rb7+ Kh6 42. Rb6+ Ng6+ 0-1

[Event "SVK-chT3B2 2122"]
[Site "Slovakia"]
[Date "2021.10.24"]
[Round "1.1"]
[White "Gazik, Renata"]
[Black "Vyhlidal, Jozef"]
[Result "1-0"]
[WhiteElo "2054"]
[BlackElo "2045"]
[PlyCount "69"]
[EventDate "2021.10.24"]
[EventType "team-tourn"]
[EventRounds "11"]
[EventCountry "SVK"]
[SourceTitle "EXT 2023"]
[Source "ChessBase"]
[SourceDate "2022.10.05"]
[SourceVersion "1"]
[SourceVersionDate "2022.10.05"]
[SourceQuality "1"]
[WhiteTeam "Bojnice"]
[BlackTeam "Nemsova Horne Srnie"]
[WhiteTeamCountry "SVK"]
[BlackTeamCountry "SVK"]

1. d4 d5 2. Bf4 Nf6 3. e3 Bf5 4. c4 c6 5. Qb3 Qb6 6. Nc3 Qxb3 7. axb3 e6 8. Bxb8 Rxb8 9. Rxa7 Bc2 10. c5 Bxb3 11. Bd3 e5 12. Ra3 exd4 13. exd4 Bc4 14. Bxc4 dxc4 15. Nf3 Be7 16. 0-0 0-0 17. Ne5 Rfd8 18. Rd1 Nd5 19. Ra5 Nc7 20. Ra4 Ne6 21. Rxc4 f6 22. Nf3 Rd7 23. Na4 Bd8 24. g3 Bc7 25. Rb4 Ba5 26. Rb3 Rbd8 27. d5 Rxd5 28. Rxd5 Rxd5 29. Rxb7 Nxc5 30. Nxc5 Rxc5 31. Nd4 Rc1+ 32. Kg2 c5 33. Ne6 g6 34. Rg7+ Kh8 35. Ra7 1-0

[Event "SVK-chT3B2 1920"]
[Site "Slovakia"]
[Date "2020.02.09"]
[Round "8.4"]
[White "Ficel, Viliam"]
[Black "Vyhlidal, Jozef"]
[Result "0-1"]
[WhiteElo "1620"]
[BlackElo "2042"]
[PlyCount "68"]
[EventDate "2019.10.06"]
[EventType "team-tourn"]
[EventRounds "11"]
[EventCountry "SVK"]
[SourceTitle "CBM 195 Extra"]
[Source "ChessBase"]
[SourceDate "2020.05.31"]
[SourceVersion "1"]
[SourceVersionDate "2020.05.31"]
[SourceQuality "1"]
[WhiteTeam "Lehota pod Vtacnikom"]
[BlackTeam "Nemsova Horne Srnie"]
[WhiteTeamCountry "SVK"]
[BlackTeamCountry "SVK"]

1. e4 e5 2. Nf3 Nc6 3. Nc3 Bc5 4. Bc4 d6 5. d3 h6 6. h3 Nf6 7. Be3 Qe7 8. 0-0 0-0 9. a3 Bb6 10. Nh4 Kh7 11. Nf5 Bxf5 12. exf5 Nd4 13. Bxd4 Bxd4 14. Qf3 c6 15. Rfe1 d5 16. Bb3 Rad8 17. Kh1 Rd6 18. g4 Nd7 19. Qg3 Qf6 20. f4 exf4 21. Qxf4 Be5 22. Qf2 Bd4 23. Qg3 g5 24. Nd1 Be5 25. Qe3 b6 26. c3 Kg7 27. d4 Bf4 28. Qe7 h5 29. Qxf6+ Nxf6 30. Nf2 Rh8 31. Kg2 hxg4 32. Nxg4 Nxg4 33. hxg4 Rh2+ 34. Kf3 Rdh6 0-1

[Event "SVK-chT3B2 1920"]
[Site "Slovakia"]
[Date "2020.01.19"]
[Round "6.2"]
[White "Vyhlidal, Jozef"]
[Black "Slotik, Igor"]
[Result "1-0"]
[WhiteElo "2042"]
[BlackElo "1920"]
[PlyCount "63"]
[EventDate "2019.10.06"]
[EventType "team-tourn"]
[EventRounds "11"]
[EventCountry "SVK"]
[SourceTitle "CBM 195 Extra"]
[Source "ChessBase"]
[SourceDate "2020.05.31"]
[SourceVersion "1"]
[SourceVersionDate "2020.05.31"]
[SourceQuality "1"]
[WhiteTeam "Nemsova Horne Srnie"]
[BlackTeam "Dubnica nad Vahom IV"]
[WhiteTeamCountry "SVK"]
[BlackTeamCountry "SVK"]

1. Nf3 Nf6 2. c4 c6 3. Nc3 d5 4. e3 e6 5. d4 Bb4 6. Bd2 0-0 7. Qc2 Nbd7 8. Bd3 dxc4 9. Bxc4 b5 10. Bd3 Bb7 11. e4 g6 12. 0-0 Be7 13. a3 a6 14. e5 Nd5 15. Ne4 Rc8 16. b4 N7b6 17. Nc5 Qc7 18. Rfe1 Rfd8 19. Rad1 Nd7 20. h4 Nxc5 21. dxc5 Bf8 22. h5 Kg7 23. Bc1 a5 24. Re4 Ne7 25. Rg4 Nf5 26. Bb2 axb4 27. axb4 Qd7 28. Ng5 Be7 29. Ne4 Nd4 30. Qc3 Nf5 31. Nd6 Ra8 32. Bxf5 1-0

[Event "SVK-chT2B 1819"]
[Site "Slovakia"]
[Date "2018.11.17"]
[Round "3.4"]
[White "Hanko, Pavol"]
[Black "Vyhlidal, Jozef"]
[Result "1-0"]
[WhiteElo "2086"]
[BlackElo "2112"]
[PlyCount "63"]
[EventDate "2018.10.13"]
[EventType "team-tourn"]
[EventRounds "11"]
[EventCountry "SVK"]
[SourceTitle "CBM 187 Extra"]
[Source "ChessBase"]
[SourceDate "2018.11.04"]
[SourceVersion "1"]
[SourceVersionDate "2018.11.04"]
[SourceQuality "1"]
[WhiteTeam "Prievidza"]
[BlackTeam "Trencin"]
[WhiteTeamCountry "SVK"]
[BlackTeamCountry "SVK"]

1. d4 f5 2. Nf3 Nf6 3. g3 b6 4. Bg2 Bb7 5. 0-0 e6 6. c4 Be7 7. Nc3 0-0 8. d5 exd5 9. Nd4 Ne4 10. cxd5 Nd6 11. Qc2 Bf6 12. Rd1 Na6 13. a3 Nc5 14. Bf4 Bxd4 15. Rxd4 Qf6 16. Rad1 Rac8 17. b4 Na6 18. e4 Nxe4 19. Nxe4 fxe4 20. Bxe4 g6 21. h4 d6 22. h5 Kg7 23. Be3 Rf7 24. R4d2 Kg8 25. hxg6 hxg6 26. Bxg6 Re7 27. Rd4 Rxe3 28. fxe3 c5 29. Rg4 Qf3 30. Bf5+ Kf8 31. Bxc8 Qxe3+ 32. Kg2 1-0

[Event "Czechia KP-chTB 0607"]
[Site "Czech Republic"]
[Date "2006.11.12"]
[Round "2.1"]
[White "Srba, Milan"]
[Black "Vyhlidal, Jozef"]
[Result "1-0"]
[WhiteElo "2243"]
[BlackElo "2080"]
[PlyCount "87"]
[EventDate "2006.10.29"]
[EventType "team"]
[EventRounds "11"]
[EventCountry "CZE"]
[SourceTitle "EXT 2008"]
[Source "ChessBase"]
[SourceDate "2007.11.25"]
[SourceVersion "1"]
[SourceVersionDate "2007.11.25"]
[SourceQuality "1"]
[WhiteTeam "Struharov"]
[BlackTeam "Brodce"]
[WhiteTeamCountry "CZE"]
[BlackTeamCountry "CZE"]

1. e4 g6 2. d4 Bg7 3. Nc3 b6 4. Be3 Bb7 5. Qd2 d6 6. h4 h5 7. Nh3 Nf6 8. f3 Nbd7 9. Ng5 e6 10. 0-0-0 c6 11. Kb1 Qe7 12. g3 0-0-0 13. Bc4 Kb8 14. Rhe1 Rc8 15. Bb3 Rhd8 16. d5 cxd5 17. exd5 e5 18. Nb5 Nc5 19. Qb4 a5 20. Qa3 Rd7 21. c4 Ba6 22. Ba4 Nxa4 23. Qxa4 Bxb5 24. Qxb5 Rb7 25. Rd3 Nd7 26. Ne4 f5 27. Ng5 Nc5 28. Bxc5 Rxc5 29. Qa6 a4 30. Qxa4 b5 31. cxb5 Rcxb5 32. Rb3 Rxb3 33. axb3 e4 34. Ne6 exf3 35. Rf1 Be5 36. Rxf3 Qf6 37. Qe8+ Ka7 38. Nd8 Rc7 39. Nc6+ Kb6 40. Qa8 Bxb2 41. Rf2 Bc3 42. Ra2 Rb7 43. Nd8 Qe7 44. Qa6+ 1-0

[Event "SVK-chT1E 0001"]
[Site "Slovakia"]
[Date "2001.??.??"]
[Round "7"]
[White "Kostelny, Jozef"]
[Black "Vyhlidal, Jozef"]
[Result "1-0"]
[WhiteElo "2211"]
[BlackElo "2074"]
[PlyCount "105"]
[EventDate "2000.??.??"]
[EventType "team"]
[EventRounds "11"]
[EventCountry "SVK"]
[SourceTitle "EXT 2002"]
[Source "ChessBase"]
[SourceDate "2001.11.25"]
[SourceVersion "1"]
[SourceVersionDate "2001.11.25"]
[SourceQuality "1"]

1. d4 d6 2. c4 Nd7 3. Nf3 e5 4. e4 Be7 5. Nc3 c6 6. Be2 Ngf6 7. 0-0 0-0 8. Qc2 Re8 9. Rd1 Qc7 10. h3 Bf8 11. Be3 a6 12. Rac1 b6 13. a3 Bb7 14. dxe5 dxe5 15. b4 Rac8 16. Qb3 h6 17. c5 bxc5 18. Bc4 Nb6 19. bxc5 Nxc4 20. Qxc4 Ra8 21. Nh4 a5 22. Nf5 Ba6 23. Qa2 Rad8 24. Qb3 Rb8 25. Qc2 Red8 26. f3 Bc4 27. Qf2 Kh7 28. Qh4 Ng8 29. g4 f6 30. Qf2 Bb3 31. Rxd8 Rxd8 32. Rb1 a4 33. Rb2 Qa5 34. Ne2 Rd1+ 35. Kg2 g6 36. Nd6 Bxd6 37. cxd6 Rxd6 38. Bc5 Rd1 39. Bb4 Qc7 40. Nc3 Rd7 41. Qc5 Ne7 42. Qe3 Nc8 43. Rf2 Nb6 44. Qc5 Nc8 45. Ne2 Qd6 46. Qc3 Qe6 47. Qc5 Ne7 48. Nc1 Bc4 49. Rd2 Rxd2+ 50. Bxd2 Bb5 51. Bb4 Ng8 52. Qa7+ Kh8 53. Bf8 1-0

[Event "SVK-chT2E 0102"]
[Site "Slovakia"]
[Date "2001.??.??"]
[Round "6"]
[White "Lednicky, Martin"]
[Black "Vyhlidal, Jozef"]
[Result "0-1"]
[WhiteElo "2200"]
[BlackElo "2064"]
[PlyCount "82"]
[EventDate "2001.10.??"]
[EventType "team"]
[EventRounds "11"]
[EventCountry "SVK"]
[SourceTitle "EXT 2006"]
[Source "ChessBase"]
[SourceDate "2005.11.24"]
[SourceVersion "1"]
[SourceVersionDate "2005.11.24"]
[SourceQuality "1"]

1. e4 e5 2. Bc4 Bc5 3. c3 Qf6 4. Nf3 Nc6 5. 0-0 Nge7 6. d4 exd4 7. Bg5 Qg6 8. Bxe7 Bxe7 9. cxd4 0-0 10. Nc3 d6 11. Nd5 Bd8 12. Qd3 Na5 13. Nd2 c6 14. Ne3 Nxc4 15. Qxc4 Ba5 16. b4 Bb6 17. Kh1 Re8 18. a4 Be6 19. d5 cxd5 20. Nxd5 Qh6 21. Qd3 Bd8 22. Nc4 Bd7 23. b5 Rc8 24. Rac1 Rc5 25. Nce3 Qg6 26. Rxc5 dxc5 27. Nc3 Bc8 28. Rd1 Ba5 29. Ned5 f5 30. e5 Rxe5 31. Nf4 Qe8 32. Nce2 g5 33. Qg3 h6 34. h4 Bd8 35. hxg5 hxg5 36. Qb3+ Kf8 37. Qc4 gxf4 38. Nxf4 Re1+ 39. Rxe1 Qxe1+ 40. Kh2 Bc7 41. Qxc5+ Qe7 0-1

[Event "SVK-chT2C 9899"]
[Site "Slovakia"]
[Date "1998.??.??"]
[Round "2"]
[White "Vyparina, Matej"]
[Black "Vyhlidal, Jozef"]
[Result "1-0"]
[WhiteElo "2120"]
[BlackElo "2135"]
[PlyCount "53"]
[EventDate "1998.??.??"]
[EventType "team"]
[EventRounds "11"]
[EventCountry "SVK"]
[SourceTitle "EXT 2000"]
[Source "ChessBase"]
[SourceDate "1999.11.16"]
[SourceVersion "1"]
[SourceVersionDate "1999.11.16"]
[SourceQuality "1"]

1. e4 e5 2. Nf3 Nc6 3. d4 exd4 4. Nxd4 Qh4 5. Nb5 Bc5 6. Qe2 Nd4 7. Nxd4 Bxd4 8. Nd2 Bc5 9. Nb3 Bb6 10. g3 Qe7 11. Bg2 d6 12. Be3 Nf6 13. 0-0-0 Bxe3+ 14. Qxe3 0-0 15. h3 Re8 16. Rhe1 a5 17. f4 Nd7 18. Qc3 a4 19. Nd4 Nc5 20. e5 Qf8 21. exd6 Rxe1 22. Qxe1 cxd6 23. Nb5 Be6 24. Nxd6 Bxa2 25. Qb4 Nb3+ 26. cxb3 Rc8+ 27. Nxc8 1-0